Feature extraction and image processing / (Record no. 175644)
[ view plain ]
| 000 -LEADER | |
|---|---|
| fixed length control field | 01198 a2200253 4500 |
| 003 - CONTROL NUMBER IDENTIFIER | |
| control field | Nust |
| 005 - DATE AND TIME OF LATEST TRANSACTION | |
| control field | 20220804110317.0 |
| 010 ## - LIBRARY OF CONGRESS CONTROL NUMBER | |
| LC control number | 2005279438 |
| 020 ## - INTERNATIONAL STANDARD BOOK NUMBER | |
| International Standard Book Number | 0750650788 |
| 035 ## - SYSTEM CONTROL NUMBER | |
| System control number | (OCoLC)ocm49045100 |
| 040 ## - CATALOGING SOURCE | |
| Transcribing agency | Nust |
| 082 04 - DEWEY DECIMAL CLASSIFICATION NUMBER | |
| Classification number | 006.37,NIX |
| 100 1# - MAIN ENTRY--PERSONAL NAME | |
| Personal name | Nixon, Mark S. |
| 9 (RLIN) | 96516 |
| 245 10 - TITLE STATEMENT | |
| Title | Feature extraction and image processing / |
| Statement of responsibility, etc. | Mark S. Nixon, Alberto S. Aguado. |
| 250 ## - EDITION STATEMENT | |
| Edition statement | 1st ed. |
| 260 ## - PUBLICATION, DISTRIBUTION, ETC. | |
| Place of publication, distribution, etc. | Oxford ; |
| -- | Boston : |
| Name of publisher, distributor, etc. | Newnes, |
| Date of publication, distribution, etc. | 2002. |
| 300 ## - PHYSICAL DESCRIPTION | |
| Extent | xii, 350 p. : |
| Other physical details | ill. ; |
| Dimensions | 25 cm. |
| 505 ## - FORMATTED CONTENTS NOTE | |
| Formatted contents note | Introduction (Page-1), Images, Sampling and Frequency Domain Processing (Page-31), Basic Image Processing Operations (Page-67), Low-Level Feature Extraction (Page-99), Feature Extraction by Shape Matching (Page-161), Flexible Shape Extraction (Page-217), Object Description (Page-247), Introduction to Texture Description, Segmentation and Classification (Page-291). |
| 650 #0 - SUBJECT ADDED ENTRY--TOPICAL TERM | |
| Topical term or geographic name entry element | Telecommunication Engineering. |
| 700 1# - ADDED ENTRY--PERSONAL NAME | |
| Personal name | Aguado, Alberto S. |
| 9 (RLIN) | 96517 |
| 856 42 - ELECTRONIC LOCATION AND ACCESS | |
| Materials specified | Publisher description |
| Uniform Resource Identifier | <a href="http://www.loc.gov/catdir/enhancements/fy0626/2005279438-d.html">http://www.loc.gov/catdir/enhancements/fy0626/2005279438-d.html</a> |
| 856 42 - ELECTRONIC LOCATION AND ACCESS | |
| Materials specified | Table of contents only |
| Uniform Resource Identifier | <a href="http://www.loc.gov/catdir/enhancements/fy0626/2005279438-t.html">http://www.loc.gov/catdir/enhancements/fy0626/2005279438-t.html</a> |
| 942 ## - ADDED ENTRY ELEMENTS (KOHA) | |
| Koha item type | Reference |
| Source of classification or shelving scheme | |
| Withdrawn status | Lost status | Source of classification or shelving scheme | Damaged status | Not for loan | Permanent Location | Current Location | Shelving location | Date acquired | Full call number | Barcode | Date last seen | Price effective from | Koha item type | Public note |
|---|---|---|---|---|---|---|---|---|---|---|---|---|---|---|
| Military College of Signals (MCS) | Military College of Signals (MCS) | Reference | 12/12/2016 | 621.367,NIX | MCS30625 | 12/08/2016 | 12/12/2016 | Reference | Almirah No.20, Shelf No.5 |
